Romancero de la isla de La Gomera / (Record no. 6278)
[ view plain ]
| 000 -LEADER | |
|---|---|
| campo de control de longitud fija | 00965nam a2200265 i 4500 |
| 001 - NÚMERO DE CONTROL | |
| campo de control | 6278 |
| 003 - IDENTIFICADOR DE NÚMERO DE CONTROL | |
| campo de control | ES-MaACL |
| 005 - FECHA Y HORA DE LA ÚLTIMA TRANSACCIÓN | |
| campo de control | 20250718030729.0 |
| 007 - CAMPO FIJO DE DESCRIPCIÓN FÍSICA--INFORMACIÓN GENERAL | |
| campo de control de longitud fija | t| |
| 008 - DATOS DE LONGITUD FIJA--INFORMACIÓN GENERAL | |
| campo de control de longitud fija | 890913s1987 sp f |||| | spa d |
| 020 ## - NÚMERO INTERNACIONAL ESTÁNDAR DEL LIBRO | |
| Número Internacional Estándar del Libro | 84-505-5533-7 |
| 080 ## - NÚMERO DE LA CLASIFICACIÓN DECIMAL UNIVERSAL | |
| Número de la Clasificación Decimal Universal | 86(468.5)-146.2(082) |
| 245 00 - MENCIÓN DEL TÍTULO | |
| Título | Romancero de la isla de La Gomera / |
| Mención de responsabilidad, etc. | recogido y editado por Maximiano Trapero ; con la colaboración de Elena Hernández Casañas y un estudio sobre la música por Lothar Siemens Hernández. |
| 260 ## - PUBLICACIÓN, DISTRIBUCIÓN, ETC. | |
| Lugar de publicación, distribución, etc. | La Gomera : |
| Nombre del editor, distribuidor, etc. | Cabildo Insular, |
| Fecha de publicación, distribución, etc. | [1987] |
| 300 ## - DESCRIPCIÓN FÍSICA | |
| Extensión | 410, [4] p. de lám. ; |
| Dimensiones | 25 cm. |
| 500 ## - NOTA GENERAL | |
| Nota general | Índices. |
| 650 #4 - PUNTO DE ACCESO ADICIONAL DE MATERIA--TÉRMINO DE MATERIA | |
| Término de materia o nombre geográfico como elemento de entrada | Romances- |
| Subdivisión geográfica | Gomera. |
| 9 (RLIN) | 16937 |
| 650 #4 - PUNTO DE ACCESO ADICIONAL DE MATERIA--TÉRMINO DE MATERIA | |
| Término de materia o nombre geográfico como elemento de entrada | Romances- |
| Subdivisión geográfica | Canarias. |
| 9 (RLIN) | 16934 |
| 700 1# - ENTRADA AGREGADA--NOMBRE PERSONAL | |
| Nombre de persona | Trapero, Maximiano, |
| Fechas asociadas al nombre | 1945- |
| 9 (RLIN) | 111229 |
| 700 1# - ENTRADA AGREGADA--NOMBRE PERSONAL | |
| Nombre de persona | Hernández Casañas, Elena. |
| 9 (RLIN) | 62905 |
| 700 1# - ENTRADA AGREGADA--NOMBRE PERSONAL | |
| Nombre de persona | Siemens Hernández, Lothar. |
| 9 (RLIN) | 106229 |
| 710 1# - ENTRADA AGREGADA--NOMBRE DE ENTIDAD CORPORATIVA | |
| Nombre de entidad corporativa o nombre de jurisdicción como elemento de entrada | Gomera. |
| Unidad subordinada | Cabildo Insular. |
| 9 (RLIN) | 172762 |
| 852 ## - LOCALIZACIÓN | |
| Ubicación | ES-MaACL |
| Número de control de estantería | L-13363 |
| Nota libre | - Enc. tela |
| Estatus retirado | Estado de pérdida | Estado de daño | No para préstamo | Biblioteca de origen | Biblioteca actual | Ubicación en estantería | Fecha de adquisición | Fuente de adquisición | Total de préstamos | Signatura topográfica completa | Código de barras | Visto por última vez | Precio de reemplazo | Tipo de ítem Koha |
|---|---|---|---|---|---|---|---|---|---|---|---|---|---|---|
| Biblioteca del Ateneo de Madrid | Biblioteca del Ateneo de Madrid | Depósito 2 | 17/01/2008 | L-13363 | 1006391 | 23/02/2023 | 23/02/2023 | Libro impreso |
